000 00702nam a22002055i 4500
001 155748
003 ES-MaACL
005 20250716062631.0
008 010926q18801910fr |||| | fre d
040 _aCAM
_bspa
_cCAM
100 1 _aHugo, Victor,
_d1802-1885
_964627
245 1 0 _aRuy Blas /
_cVictor Hugo.
260 _aParis :
_bJ. Hetzel libraire-éditeur,
_c[s.a.] (
_fLib.-Imp. réunies)
300 _a191 p. ;
_c18 cm.
490 1 _aOeuvres complètes de Victor Hugo. Drame
596 1 _aProbablemente fechada a finales del siglo XIX o comienzos del XX.
830 0 _aOeuvres complètes de Victor Hugo. Drame
_9187961
852 _aES-MaACL
_jG-3103
_z-- Enc. hol.
999 _c155748
_d155748